[Event "43. Olimpiada Batumi 2018 Femenina"]
[Site "Batumi GEO"]
[Date "2018.09.28"]
[Round "5.2"]
[White "Punsalan, Vyanla M"]
[Black "Ovezdurdiyeva, Jemal"]
[Result "0-1"]
[WhiteElo "1932"]
[BlackElo "2075"]
[PlyCount "64"]
[EventDate "2018.09.24"]
[EventType "team-swiss"]
[EventRounds "11"]
[EventCountry "GEO"]
[SourceTitle "Ajedrez en Madrid"]
[Source "lmi"]
[SourceDate "2018.09.24"]
[WhiteTeam "New Zealand"]
[BlackTeam "Turkmenistan"]
[WhiteTeamCountry "NZL"]
[BlackTeamCountry "TKM"]

1. e4 c5 2. c3 d5 3. exd5 Qxd5 4. d4 Nc6 5. Be3 Nf6 6. Na3 Bg4 7. f3 cxd4 8.
cxd4 Bf5 9. Nb5 O-O-O 10. Qa4 a6 11. Rc1 axb5 12. Bxb5 Bd7 13. Rc5 Qe6 14. Kf2
Nd5 15. Bd2 Kb8 16. Ne2 Qd6 17. Rhc1 Na7 18. Bxd7 Qxd7 19. Qb3 e6 20. Ra5 Bd6
21. Nc3 Nb4 22. Na4 Nbc6 23. Nb6 Qe7 24. Ra4 Nxd4 25. Qc4 Bc7 26. Rxa7 Bxb6 27.
Ra4 Nb3+ 28. Ke1 Nxd2 29. Qb5 Qd6 30. Rc3 Nxf3+ 31. Ke2 Ng1+ 32. Ke1 Qd1# 0-1

[Event "43. Olimpiada Batumi 2018 Femenina"]
[Site "Batumi GEO"]
[Date "2018.09.28"]
[Round "5.3"]
[White "Shohradowa, Lala"]
[Black "Zhang, Jasmine Haomo"]
[Result "1/2-1/2"]
[WhiteElo "1950"]
[BlackElo "1899"]
[PlyCount "136"]
[EventDate "2018.09.24"]
[EventType "team-swiss"]
[EventRounds "11"]
[EventCountry "GEO"]
[SourceTitle "Ajedrez en Madrid"]
[Source "lmi"]
[SourceDate "2018.09.24"]
[WhiteTeam "Turkmenistan"]
[BlackTeam "New Zealand"]
[WhiteTeamCountry "TKM"]
[BlackTeamCountry "NZL"]

1. d4 d5 2. c4 e6 3. Nc3 Nf6 4. Bg5 Be7 5. e3 O-O 6. Nf3 c6 7. cxd5 exd5 8. Bd3
Nbd7 9. O-O Re8 10. Qc2 Nf8 11. Rab1 a5 12. a3 Ne4 13. Bxe7 Qxe7 14. b4 axb4
15. axb4 Ng6 16. b5 f5 17. bxc6 bxc6 18. Na4 Ra5 19. Nb6 Qc7 20. Rfc1 Bb7 21.
Qb3 Qf7 22. Nxd5 cxd5 23. Qxb7 Qxb7 24. Rxb7 Ra2 25. Bb1 Ra1 26. g3 h6 27. Rcc7
Re7 28. Rxe7 Nxe7 29. Kg2 Kf8 30. Ne5 g5 31. f3 Nd6 32. Rb8+ Kg7 33. Bd3 Ra2+
34. Kg1 Ra3 35. Rb6 Ndc8 36. Rb7 Kf6 37. g4 f4 38. exf4 gxf4 39. Kf2 Ra4 40.
Nd7+ Kf7 41. Nb6 Nxb6 42. Rxb6 Rxd4 43. Ke2 Ng8 44. Kd2 Ra4 45. Bc2 Ra3 46. Bb3
Nf6 47. h4 Ra5 48. Rb4 Ke6 49. Rxf4 Ra1 50. g5 hxg5 51. hxg5 Nd7 52. Rd4 Nb6
53. Rb4 Nc8 54. Rg4 Ra7 55. Kd3 Rg7 56. Kd4 Ne7 57. Kc5 Ke5 58. Bc2 Rf7 59. Bd1
Ng6 60. Rg1 Nf4 61. Re1+ Kf5 62. Rg1 Ke5 63. Kb4 Rb7+ 64. Kc5 Rg7 65. Bb3 Ne6+
66. Kb4 Rxg5 67. f4+ Kxf4 68. Rxg5 Nxg5 1/2-1/2

[Event "43. Olimpiada Batumi 2018 Femenina"]
[Site "Batumi GEO"]
[Date "2018.09.28"]
[Round "5.4"]
[White "Qin, Joy Shu Yan"]
[Black "Yalkanova, Merjen"]
[Result "0-1"]
[WhiteElo "1727"]
[BlackElo "1909"]
[PlyCount "52"]
[EventDate "2018.09.24"]
[EventType "team-swiss"]
[EventRounds "11"]
[EventCountry "GEO"]
[SourceTitle "Ajedrez en Madrid"]
[Source "lmi"]
[SourceDate "2018.09.24"]
[WhiteTeam "New Zealand"]
[BlackTeam "Turkmenistan"]
[WhiteTeamCountry "NZL"]
[BlackTeamCountry "TKM"]

1. e4 c6 2. d4 d5 3. exd5 cxd5 4. c4 Nf6 5. Nc3 Nc6 6. Nf3 Bg4 7. Be3 e6 8. Be2
dxc4 9. Bxc4 Bb4 10. O-O O-O 11. Be2 Qa5 12. Qc2 Rfd8 13. Ne4 Be7 14. a3 Rac8
15. Nxf6+ Bxf6 16. Qe4 Bxf3 17. Qxf3 Nxd4 18. Bxd4 Bxd4 19. b4 Qe5 20. Rad1 g6
21. Rfe1 Bc3 22. Rxd8+ Rxd8 23. Rb1 Rd2 24. Bf1 Bd4 25. Qxb7 Rxf2 26. Kh1 Qf5
0-1

[Event "43. Olimpiada Batumi 2018 Femenina"]
[Site "Batumi GEO"]
[Date "2018.09.28"]
[Round "5.1"]
[White "Repkova, Eva"]
[Black "Shih, Ching-An"]
[Result "1-0"]
[WhiteElo "2288"]
[BlackElo "1546"]
[PlyCount "87"]
[EventDate "2018.09.24"]
[EventType "team-swiss"]
[EventRounds "11"]
[EventCountry "GEO"]
[SourceTitle "Ajedrez en Madrid"]
[Source "lmi"]
[SourceDate "2018.09.24"]
[WhiteTeam "Slovakia"]
[BlackTeam "Chinese Taipei"]
[WhiteTeamCountry "SVK"]

1. e4 e5 2. Bc4 Nf6 3. d3 Be7 4. Nf3 Nc6 5. c3 d6 6. Nbd2 O-O 7. Bb3 Na5 8. Bc2
Re8 9. Nf1 h6 10. Ng3 Bf8 11. O-O g6 12. d4 Nc6 13. h3 Bg7 14. Be3 Qe7 15. Qd2
Kh7 16. Rad1 a6 17. Nh2 Ng8 18. f4 Rf8 19. Qf2 Bd7 20. dxe5 dxe5 21. Bc5 Qe8
22. Bxf8 Bxf8 23. f5 Bg7 24. Bb3 Na5 25. Bxf7 Qxf7 26. fxg6+ Qxg6 27. Rxd7 Kh8
28. Nf5 Bf6 29. Ng4 Rf8 30. Qc5 Be7 31. Nxe7 Rxf1+ 32. Kxf1 Qf7+ 33. Kg1 Nc6
34. Nxe5 Nxe5 35. Qxe5+ Nf6 36. Rxc7 Kh7 37. Nd5 Nd7 38. Rxd7 Qxd7 39. Nf6+ Kg6
40. Nxd7 b5 41. Qf6+ Kh7 42. Qf7+ Kh8 43. Nf8 h5 44. Qh7# 1-0

[Event "43. Olimpiada Batumi 2018 Femenina"]
[Site "Batumi GEO"]
[Date "2018.09.28"]
[Round "5.2"]
[White "Wong, Linda Jane"]
[Black "Stockova, Zuzana"]
[Result "0-1"]
[WhiteElo "1378"]
[BlackElo "2290"]
[PlyCount "76"]
[EventDate "2018.09.24"]
[EventType "team-swiss"]
[EventRounds "11"]
[EventCountry "GEO"]
[SourceTitle "Ajedrez en Madrid"]
[Source "lmi"]
[SourceDate "2018.09.24"]
[WhiteTeam "Chinese Taipei"]
[BlackTeam "Slovakia"]
[BlackTeamCountry "SVK"]

1. e3 c5 2. f4 Nc6 3. Nf3 d6 4. Bb5 Bd7 5. O-O g6 6. d4 Qb6 7. Be2 Bg7 8. c3
Nh6 9. Na3 cxd4 10. exd4 Nf5 11. Nc4 Qc7 12. Ne3 Nxe3 13. Bxe3 Na5 14. Nd2 b5
15. Bf3 Rb8 16. Rc1 Be6 17. b3 O-O 18. Bg4 f5 19. Be2 Rfc8 20. h4 Bf7 21. h5
Rd8 22. hxg6 hxg6 23. Nf3 Bd5 24. Ng5 Bf6 25. Nh3 Kg7 26. Qe1 Rh8 27. Bf3 Bxf3
28. Rxf3 Nb7 29. Bf2 d5 30. Qe2 Qd7 31. Re1 Nd6 32. Qe6 Qxe6 33. Rxe6 Rhc8 34.
Be1 b4 35. Ng5 Ne4 36. Nxe4 dxe4 37. Rg3 bxc3 38. d5 c2 0-1

[Event "43. Olimpiada Batumi 2018 Femenina"]
[Site "Batumi GEO"]
[Date "2018.09.28"]
[Round "5.3"]
[White "Motycakova, Monika"]
[Black "Wang, Mi"]
[Result "1-0"]
[WhiteElo "2198"]
[BlackElo "1585"]
[PlyCount "99"]
[EventDate "2018.09.24"]
[EventType "team-swiss"]
[EventRounds "11"]
[EventCountry "GEO"]
[SourceTitle "Ajedrez en Madrid"]
[Source "lmi"]
[SourceDate "2018.09.24"]
[WhiteTeam "Slovakia"]
[BlackTeam "Chinese Taipei"]
[WhiteTeamCountry "SVK"]

1. e4 c5 2. Nf3 d6 3. d4 cxd4 4. Nxd4 Nf6 5. Nc3 a6 6. a4 e6 7. Be2 Be7 8. O-O
O-O 9. Kh1 Nbd7 10. f4 Qc7 11. Bf3 Re8 12. a5 Rb8 13. Be3 e5 14. Nde2 b6 15.
axb6 Nxb6 16. b3 Bb7 17. Qe1 Nbd7 18. Rd1 Nc5 19. fxe5 dxe5 20. Ng3 Ne6 21. Nf5
Bb4 22. Bd2 Bxc3 23. Bxc3 Bxe4 24. Nd6 Red8 25. Ba5 Qc5 26. Nxe4 Rxd1 27. Nxf6+
gxf6 28. Bxd1 Nf4 29. Bd2 Qd6 30. Bxf4 exf4 31. Qe4 Rd8 32. Be2 Qe5 33. Bd3 Rd4
34. Qxh7+ Kf8 35. Bc4 Rd7 36. Qh6+ Ke7 37. Qxf4 Qd6 38. Re1+ Kd8 39. Qxd6 Rxd6
40. Bxf7 Rc6 41. Bg6 Kc7 42. h4 Rd6 43. h5 Rd4 44. Re4 Rd8 45. h6 Rh8 46. h7
Kd7 47. Bf5+ Kd6 48. Rg4 Ke5 49. Rg8 Rxg8 50. hxg8=Q 1-0

[Event "43. Olimpiada Batumi 2018 Femenina"]
[Site "Batumi GEO"]
[Date "2018.09.28"]
[Round "5.4"]
[White "Cho, Hung-Ling"]
[Black "Ferkova, Dominika"]
[Result "0-1"]
[WhiteElo "1575"]
[BlackElo "2060"]
[PlyCount "72"]
[EventDate "2018.09.24"]
[EventType "team-swiss"]
[EventRounds "11"]
[EventCountry "GEO"]
[SourceTitle "Ajedrez en Madrid"]
[Source "lmi"]
[SourceDate "2018.09.24"]
[WhiteTeam "Chinese Taipei"]
[BlackTeam "Slovakia"]
[BlackTeamCountry "SVK"]

1. c4 e5 2. Nc3 Nf6 3. e4 Bc5 4. d3 O-O 5. h3 h6 6. g4 Nh7 7. Nf3 d6 8. a3 a6
9. Bg2 Nc6 10. b4 Ba7 11. Nd5 Nd4 12. Nxd4 Bxd4 13. Rb1 c6 14. Ne3 Qh4 15. Qe2
g6 16. Bf3 f5 17. gxf5 gxf5 18. exf5 Bxf5 19. Nxf5 Rxf5 20. Rg1+ Kh8 21. Rg3
Raf8 22. Rb3 Qf6 23. Be3 Bxe3 24. Qxe3 Rxf3 25. Rxf3 Qxf3 26. Rb2 Qxe3+ 27.
fxe3 Rf3 28. Rf2 Rxf2 29. Kxf2 Kg7 30. d4 Kf6 31. h4 Kf5 32. Kf3 e4+ 33. Kg3
Nf6 34. a4 Ng4 35. Kh3 Nxe3 36. c5 d5 0-1

[Event "43. Olimpiada Batumi 2018 Femenina"]
[Site "Batumi GEO"]
[Date "2018.09.28"]
[Round "5.1"]
[White "Arakhamia-Grant, Ketevan"]
[Black "Figueroa, Any"]
[Result "1-0"]
[WhiteElo "2345"]
[BlackElo "1739"]
[PlyCount "61"]
[EventDate "2018.09.24"]
[EventType "team-swiss"]
[EventRounds "11"]
[EventCountry "GEO"]
[SourceTitle "Ajedrez en Madrid"]
[Source "lmi"]
[SourceDate "2018.09.24"]
[WhiteTeam "Scotland"]
[BlackTeam "Honduras"]
[WhiteTeamCountry "SCO"]
[BlackTeamCountry "HON"]

1. e4 e6 2. d4 d5 3. Nc3 dxe4 4. Nxe4 Bd7 5. Nf3 Bc6 6. Bd3 Nd7 7. O-O Ngf6 8.
Ng3 Be7 9. c4 O-O 10. b3 Bxf3 11. Qxf3 c6 12. Bb2 Qa5 13. a3 Rfe8 14. Rfe1 Rad8
15. h3 Nf8 16. b4 Qg5 17. Rad1 h6 18. Ne4 Nxe4 19. Rxe4 Bd6 20. Rg4 Qe7 21. c5
Bb8 22. d5 e5 23. d6 Bxd6 24. cxd6 Rxd6 25. Re1 f6 26. Bc1 Kh8 27. Bc2 Qc7 28.
Qf5 Re7 29. Qh5 Rd5 30. Bxh6 gxh6 31. Qxh6+ 1-0

[Event "43. Olimpiada Batumi 2018 Femenina"]
[Site "Batumi GEO"]
[Date "2018.09.28"]
[Round "5.2"]
[White "Ortiz, Katherine Berenice"]
[Black "Roy, Ali"]
[Result "1-0"]
[WhiteElo "1822"]
[BlackElo "1923"]
[PlyCount "95"]
[EventDate "2018.09.24"]
[EventType "team-swiss"]
[EventRounds "11"]
[EventCountry "GEO"]
[SourceTitle "Ajedrez en Madrid"]
[Source "lmi"]
[SourceDate "2018.09.24"]
[WhiteTeam "Honduras"]
[BlackTeam "Scotland"]
[WhiteTeamCountry "HON"]
[BlackTeamCountry "SCO"]

1. Nf3 Nf6 2. g3 g6 3. Bg2 Bg7 4. c4 d6 5. d4 O-O 6. O-O Nbd7 7. Nc3 e5 8. e4
c6 9. h3 Qc7 10. Be3 Ne8 11. Rc1 f5 12. exf5 gxf5 13. Ng5 Nb6 14. dxe5 Bxe5 15.
c5 Nc4 16. Qb3 d5 17. Nxd5 cxd5 18. Bxd5+ Kg7 19. Qxc4 Bxg3 20. f4 Bh4 21. Bd4+
Kg6 22. Be5 Qe7 23. Nf3 Bd7 24. Kh2 Bc6 25. Rg1+ Kh6 26. Bxc6 bxc6 27. Nxh4
Qxh4 28. Qe6+ Rf6 29. Bxf6 Qxf6 30. Qxf6+ Nxf6 31. Rg5 Rd8 32. Rxf5 Rd2+ 33.
Kg3 Kg6 34. Rg5+ Kf7 35. Kf3 Rxb2 36. Rg2 Rb4 37. Rcg1 Rc4 38. Rg7+ Kf8 39.
Rxa7 Rc3+ 40. Ke2 Nd5 41. Rb1 Nxf4+ 42. Kd2 Rd3+ 43. Kc2 Rd8 44. Rf1 Rd4 45.
Rxh7 Kg8 46. Rh4 Ne6 47. Rxd4 Nxd4+ 48. Kd3 1-0

[Event "43. Olimpiada Batumi 2018 Femenina"]
[Site "Batumi GEO"]
[Date "2018.09.28"]
[Round "5.3"]
[White "Giulian, Rosemary A"]
[Black "Garcia, Marcella"]
[Result "1-0"]
[WhiteElo "1924"]
[BlackElo "1755"]
[PlyCount "43"]
[EventDate "2018.09.24"]
[EventType "team-swiss"]
[EventRounds "11"]
[EventCountry "GEO"]
[SourceTitle "Ajedrez en Madrid"]
[Source "lmi"]
[SourceDate "2018.09.24"]
[WhiteTeam "Scotland"]
[BlackTeam "Honduras"]
[WhiteTeamCountry "SCO"]
[BlackTeamCountry "HON"]

1. e4 c5 2. c3 Nf6 3. e5 Nd5 4. d4 cxd4 5. Nf3 e6 6. cxd4 Nc6 7. Bc4 d6 8. O-O
Be7 9. Qe2 O-O 10. a3 Bd7 11. Nc3 Nxc3 12. bxc3 dxe5 13. dxe5 h6 14. Bd3 Bc5
15. Rb1 Na5 16. Rd1 Qe7 17. Qe4 f5 18. exf6 Qxf6 19. Ne5 Qxf2+ 20. Kh1 Rf5 21.
Nxd7 Rd8 22. Qxe6+ 1-0

[Event "43. Olimpiada Batumi 2018 Femenina"]
[Site "Batumi GEO"]
[Date "2018.09.28"]
[Round "5.4"]
[White "Garcia, Andrea Nicole"]
[Black "Espinosa Cancino, Monica"]
[Result "1/2-1/2"]
[WhiteElo "1698"]
[BlackElo "1655"]
[PlyCount "55"]
[EventDate "2018.09.24"]
[EventType "team-swiss"]
[EventRounds "11"]
[EventCountry "GEO"]
[SourceTitle "Ajedrez en Madrid"]
[Source "lmi"]
[SourceDate "2018.09.24"]
[WhiteTeam "Honduras"]
[BlackTeam "Scotland"]
[WhiteTeamCountry "HON"]
[BlackTeamCountry "SCO"]

1. e4 c5 2. Nc3 Nc6 3. g3 d6 4. Bg2 g6 5. d3 Bg7 6. Be3 e6 7. Qd2 Nge7 8. Nge2
O-O 9. Bh6 e5 10. h4 Kh8 11. h5 Bxh6 12. Qxh6 Ng8 13. Qe3 g5 14. h6 Nd4 15. Rc1
f6 16. Qd2 Ne6 17. Nd5 b5 18. c3 Nc7 19. Ne3 Ne7 20. b4 Bb7 21. d4 c4 22. d5
Bc8 23. f3 Ng6 24. Bh3 Ne7 25. Bg2 Ng6 26. Bh3 Ne7 27. Bg2 Ng6 28. Bh3 1/2-1/2

[Event "43. Olimpiada Batumi 2018 Femenina"]
[Site "Batumi GEO"]
[Date "2018.09.28"]
[Round "5.1"]
[White "Mencos Castillo, Maria"]
[Black "Nouman, Amna"]
[Result "1/2-1/2"]
[WhiteElo "1888"]
[BlackElo "1909"]
[PlyCount "114"]
[EventDate "2018.09.24"]
[EventType "team-swiss"]
[EventRounds "11"]
[EventCountry "GEO"]
[SourceTitle "Ajedrez en Madrid"]
[Source "lmi"]
[SourceDate "2018.09.24"]
[WhiteTeam "Guatemala"]
[BlackTeam "United Arab Emirates"]
[WhiteTeamCountry "GUA"]
[BlackTeamCountry "UAE"]

1. e4 e5 2. Nf3 Nc6 3. Bc4 Bc5 4. c3 Nf6 5. d3 d6 6. Nbd2 a6 7. Bb3 Ba7 8. O-O
O-O 9. Re1 Be6 10. Nf1 h6 11. Ng3 Re8 12. d4 Bxb3 13. axb3 exd4 14. cxd4 Qd7
15. Bf4 Rad8 16. Qd2 Nh7 17. Nf5 d5 18. Bxh6 Rxe4 19. Nxg7 Nxd4 20. Nh5 Qg4 21.
Ng3 Nxf3+ 22. gxf3 Rxe1+ 23. Rxe1 Qxf3 24. Re5 Qf6 25. Rf5 Qg6 26. Qf4 Bb6 27.
Bg5 Re8 28. Rxd5 Re1+ 29. Kg2 Qc6 30. Qf3 Re8 31. Bd2 Qe6 32. Rf5 Bd4 33. Qg4+
Bg7 34. Bc3 Qg6 35. Qa4 b5 36. Qf4 Qc6+ 37. Qf3 Qxf3+ 38. Rxf3 c5 39. Rf5 Rc8
40. Ne4 Bf8 41. Nf6+ Nxf6 42. Rxf6 b4 43. Bd2 Bg7 44. Rxa6 Bxb2 45. Be3 c4 46.
Rb6 Bc3 47. bxc4 Rxc4 48. Rb5 Kg7 49. Bc5 Kg6 50. Be7 f6 51. Kg3 Re4 52. Bd6
Rd4 53. Be7 Re4 54. Bd6 Rd4 55. Be7 Rd3+ 56. Kg2 Rd4 57. Kg3 Re4 1/2-1/2

[Event "43. Olimpiada Batumi 2018 Femenina"]
[Site "Batumi GEO"]
[Date "2018.09.28"]
[Round "5.2"]
[White "Al Maamari, Wafia Darwish"]
[Black "Mencos, Claudia"]
[Result "1/2-1/2"]
[WhiteElo "1774"]
[BlackElo "1996"]
[PlyCount "134"]
[EventDate "2018.09.24"]
[EventType "team-swiss"]
[EventRounds "11"]
[EventCountry "GEO"]
[SourceTitle "Ajedrez en Madrid"]
[Source "lmi"]
[SourceDate "2018.09.24"]
[WhiteTeam "United Arab Emirates"]
[BlackTeam "Guatemala"]
[WhiteTeamCountry "UAE"]
[BlackTeamCountry "GUA"]

1. e4 c5 2. Nf3 e6 3. d4 cxd4 4. Nxd4 a6 5. c4 Qc7 6. Nc3 Nf6 7. a3 b6 8. Be2
Bb7 9. f3 Be7 10. Be3 d6 11. Qd2 Nbd7 12. O-O O-O 13. Rac1 Rac8 14. b4 Qb8 15.
Rc2 Rfe8 16. Rb1 Qa8 17. Nb3 Bc6 18. Bf4 Ne5 19. Qd4 Nxc4 20. Bxc4 e5 21. Qxb6
exf4 22. Qxa6 Qb8 23. Nd4 Bb7 24. Qb5 Qa7 25. Nce2 d5 26. exd5 Bxd5 27. Qa6
Qxa6 28. Bxa6 Ra8 29. Bb5 Reb8 30. a4 Bd6 31. Nf5 Bf8 32. Nxf4 g6 33. Nd4 Bb7
34. Bc6 Bh6 35. g3 Bf8 36. a5 g5 37. Nd3 Nd5 38. Bxb7 Rxb7 39. Nc6 Ne3 40. Ra2
Nd5 41. Rb3 Nc7 42. Rc2 Nb5 43. Rc4 h6 44. Nd4 Nxd4 45. Rxd4 Rxa5 46. bxa5 Rxb3
47. Kf2 Ra3 48. Rd5 Bg7 49. Nb4 Bf6 50. a6 Kg7 51. Rd3 Ra4 52. Rb3 Be7 53. a7
Rxa7 54. Nc6 Bc5+ 55. Kg2 Ra2+ 56. Kh1 Rc2 57. Ne5 Bd4 58. Nd3 Ra2 59. Rb4 Bc3
60. Rb3 Bf6 61. Nb4 Rd2 62. Rd3 Rb2 63. Nd5 h5 64. Nxf6 Kxf6 65. Rd5 Kg6 66. g4
h4 67. h3 Rf2 1/2-1/2

[Event "43. Olimpiada Batumi 2018 Femenina"]
[Site "Batumi GEO"]
[Date "2018.09.28"]
[Round "5.3"]
[White "Mazariegos, Silvia Carolina"]
[Black "Almaini, Aishah Sarhan"]
[Result "0-1"]
[WhiteElo "1922"]
[BlackElo "1490"]
[PlyCount "144"]
[EventDate "2018.09.24"]
[EventType "team-swiss"]
[EventRounds "11"]
[EventCountry "GEO"]
[SourceTitle "Ajedrez en Madrid"]
[Source "lmi"]
[SourceDate "2018.09.24"]
[WhiteTeam "Guatemala"]
[BlackTeam "United Arab Emirates"]
[WhiteTeamCountry "GUA"]
[BlackTeamCountry "UAE"]

1. Nf3 g6 2. d4 Bg7 3. Bf4 Nf6 4. e3 d6 5. h3 O-O 6. Bd3 c5 7. c3 b6 8. Bh2 Bb7
9. O-O Nbd7 10. Qe2 Rc8 11. Rd1 Be4 12. Ba6 Rc7 13. Nbd2 Bb7 14. a4 Qc8 15. Bd3
a6 16. e4 cxd4 17. cxd4 Re8 18. e5 Nd5 19. exd6 exd6 20. Qf1 Bf8 21. Rac1 N7f6
22. Rxc7 Nxc7 23. Rc1 Qd7 24. Qd1 Bh6 25. Ra1 Bf8 26. Qb3 Ncd5 27. Nc4 Qd8 28.
Re1 Rxe1+ 29. Nxe1 Qe8 30. Kf1 Qd8 31. Nf3 Kh8 32. Nfd2 Kg8 33. Nf3 Kh8 34. Ng5
Kg8 35. Nf3 Kh8 36. Bg3 Kg8 37. Bh4 Be7 38. Bg3 Kg7 39. Qa3 Ne8 40. Qb3 Nef6
41. Bh2 Kg8 42. Nfd2 Ba8 43. Qa3 Ne8 44. Qb3 Nef6 45. Be2 Bc6 46. Bd1 Kg7 47.
Qg3 Nh5 48. Bxh5 Bxa4 49. Be2 Qc7 50. b3 Bd7 51. Qf3 Be6 52. Bd3 b5 53. Be4
bxc4 54. Nxc4 Nf6 55. d5 Bd7 56. Bd3 Qc5 57. Be4 Bb5 58. Qd3 a5 59. f3 a4 60.
Bg1 Qc7 61. Qc3 axb3 62. Bd3 b2 63. Bd4 Bxc4 64. Kf2 Qb8 65. Be4 b1=Q 66. Bxb1
Qxb1 67. Qxc4 Qb7 68. g4 Kg8 69. Bxf6 Bxf6 70. f4 Qb2+ 71. Kg3 Bd4 72. g5 Qf2+
0-1

[Event "43. Olimpiada Batumi 2018 Femenina"]
[Site "Batumi GEO"]
[Date "2018.09.28"]
[Round "5.4"]
[White "Rouda Essa, Alserkal"]
[Black "Diaz, Luisa"]
[Result "1/2-1/2"]
[WhiteElo "1494"]
[BlackElo "1718"]
[PlyCount "99"]
[EventDate "2018.09.24"]
[EventType "team-swiss"]
[EventRounds "11"]
[EventCountry "GEO"]
[SourceTitle "Ajedrez en Madrid"]
[Source "lmi"]
[SourceDate "2018.09.24"]
[WhiteTeam "United Arab Emirates"]
[BlackTeam "Guatemala"]
[WhiteTeamCountry "UAE"]
[BlackTeamCountry "GUA"]

1. e4 d5 2. exd5 Qxd5 3. Nc3 Qd6 4. d4 Nf6 5. Nf3 g6 6. Bg5 Bg7 7. Qd2 a6 8.
Bd3 Nbd7 9. O-O-O O-O 10. h4 h5 11. Rdg1 c5 12. Bf4 Qb6 13. Na4 Qe6 14. Kb1
cxd4 15. Nxd4 Qd5 16. Nf3 Nc5 17. Nb6 Qc6 18. Nxa8 Nfe4 19. Qe3 Nxd3 20. Qxd3
Bf5 21. Qb3 Rxa8 22. Be3 Rc8 23. Rc1 Be6 24. Qa3 Qc4 25. Rhd1 Nd6 26. Ng5 Nb5
27. Qb3 Qxb3 28. axb3 Bf5 29. Ka2 Bf6 30. c4 Nd6 31. f3 Kg7 32. c5 Nb5 33. Ne4
Bxh4 34. Nc3 Nc7 35. Na4 Bf6 36. Nb6 Rh8 37. Nd7 Bh4 38. c6 bxc6 39. Rxc6 Nb5
40. Ne5 Bf6 41. Nc4 Ra8 42. Na3 Kf8 43. Bb6 Ke8 44. Be3 Bd7 45. Rb6 Be5 46. Rc1
f6 47. Rb7 Bc8 48. Rb6 Bd7 49. Rb7 Bc8 50. Rb6 1/2-1/2

[Event "43. Olimpiada Batumi 2018 Femenina"]
[Site "Batumi GEO"]
[Date "2018.09.28"]
[Round "5.1"]
[White "Gerasimova, Svetlana"]
[Black "Mezioud, Amina"]
[Result "0-1"]
[WhiteElo "1966"]
[BlackElo "2056"]
[PlyCount "94"]
[EventDate "2018.09.24"]
[EventType "team-swiss"]
[EventRounds "11"]
[EventCountry "GEO"]
[SourceTitle "Ajedrez en Madrid"]
[Source "lmi"]
[SourceDate "2018.09.24"]
[WhiteTeam "IPCA"]
[BlackTeam "Algeria"]
[BlackTeamCountry "ALG"]

1. Nf3 Nf6 2. g3 c5 3. Bg2 e6 4. O-O Be7 5. d3 d5 6. Nbd2 Nc6 7. e4 Qc7 8. Re1
b5 9. Qe2 Bb7 10. c3 b4 11. Nf1 O-O 12. e5 Nd7 13. h4 Rad8 14. h5 Rfe8 15. Bf4
Ba6 16. N1h2 bxc3 17. bxc3 Qa5 18. Bd2 Qa4 19. Bh3 Rb8 20. Bf4 Qa3 21. Rac1 Rb2
22. Rc2 Reb8 23. Bc1 Rxc2 24. Qxc2 Qa5 25. Ng4 Qb5 26. Rd1 Nd8 27. Bf1 Qc6 28.
Bg2 Bb5 29. Qe2 Nb6 30. Ng5 Na4 31. c4 Nc3 32. Qd2 Nxd1 33. cxb5 Qxb5 34. Qxd1
Qb1 35. Qf1 Qxa2 36. h6 Rb1 37. Kh2 Bxg5 38. f4 Be7 39. Qd1 g6 40. Qe1 Qa1 41.
Nf6+ Bxf6 42. exf6 Rxc1 43. Qe3 Rc2 44. Kh3 Qb2 45. Bxd5 Rh2+ 46. Kg4 Qxf6 47.
Be4 Qe7 0-1

[Event "43. Olimpiada Batumi 2018 Femenina"]
[Site "Batumi GEO"]
[Date "2018.09.28"]
[Round "5.3"]
[White "Kaydanovich, Marina"]
[Black "Toubal, Hayat"]
[Result "1/2-1/2"]
[WhiteElo "1725"]
[BlackElo "1862"]
[PlyCount "80"]
[EventDate "2018.09.24"]
[EventType "team-swiss"]
[EventRounds "11"]
[EventCountry "GEO"]
[SourceTitle "Ajedrez en Madrid"]
[Source "lmi"]
[SourceDate "2018.09.24"]
[WhiteTeam "IPCA"]
[BlackTeam "Algeria"]
[BlackTeamCountry "ALG"]

1. d4 d5 2. c4 c6 3. cxd5 cxd5 4. Nc3 Nf6 5. e3 Nc6 6. Nf3 a6 7. Bd3 Bg4 8. h3
Bh5 9. g4 Bg6 10. Bxg6 hxg6 11. Ne5 e6 12. Nd3 Bd6 13. a3 Rc8 14. Bd2 Qd7 15.
Na4 Qe7 16. Rc1 Ne4 17. Nac5 Bxc5 18. Nxc5 Nd6 19. Qe2 Nc4 20. Bc3 e5 21. f3
Rc7 22. Kf2 Qh4+ 23. Kg2 exd4 24. exd4+ Re7 25. Qf2 Ne3+ 26. Kg1 Qf6 27. Re1
Nc4 28. Kh2 Nd6 29. Rxe7+ Nxe7 30. Re1 O-O 31. Nd7 Qf4+ 32. Qg3 Qxg3+ 33. Kxg3
Re8 34. Bb4 Nec8 35. Rxe8+ Nxe8 36. Kf4 f6 37. h4 Kf7 38. a4 Nc7 39. Ke3 Ne6
40. Nc5 Nd8 1/2-1/2

[Event "43. Olimpiada Batumi 2018 Femenina"]
[Site "Batumi GEO"]
[Date "2018.09.28"]
[Round "5.4"]
[White "Nassr, Lina"]
[Black "Sovietova, Kateryna"]
[Result "1-0"]
[WhiteElo "1854"]
[BlackElo "1353"]
[PlyCount "67"]
[EventDate "2018.09.24"]
[EventType "team-swiss"]
[EventRounds "11"]
[EventCountry "GEO"]
[SourceTitle "Ajedrez en Madrid"]
[Source "lmi"]
[SourceDate "2018.09.24"]
[WhiteTeam "Algeria"]
[BlackTeam "IPCA"]
[WhiteTeamCountry "ALG"]

1. d4 Nf6 2. Nf3 g6 3. c4 Bg7 4. Nc3 d6 5. e3 O-O 6. Be2 b6 7. O-O Bb7 8. Qc2
Nbd7 9. Rd1 Re8 10. b3 c5 11. Bb2 a6 12. d5 Qc7 13. e4 Rad8 14. Re1 e5 15. dxe6
fxe6 16. Bf1 Bc6 17. Rad1 e5 18. Nd5 Nxd5 19. exd5 Bb7 20. Ng5 Rb8 21. Ne6 Qc8
22. Nxg7 Kxg7 23. Be2 Rf8 24. Bg4 Qe8 25. Qd2 Nf6 26. Be6 Bc8 27. f4 Bxe6 28.
fxe5 dxe5 29. Rxe5 Nd7 30. Rxe6+ Kg8 31. Rxe8 Rbxe8 32. Qc3 Re7 33. d6 Ref7 34.
Qh8# 1-0

[Event "43. Olimpiada Batumi 2018 Femenina"]
[Site "Batumi GEO"]
[Date "2018.09.28"]
[Round "5.1"]
[White "Mentile, Lishen"]
[Black "Stolarczyk, Anna"]
[Result "0-1"]
[WhiteElo "1502"]
[BlackElo "1984"]
[PlyCount "120"]
[EventDate "2018.09.24"]
[EventType "team-swiss"]
[EventRounds "11"]
[EventCountry "GEO"]
[SourceTitle "Ajedrez en Madrid"]
[Source "lmi"]
[SourceDate "2018.09.24"]
[WhiteTeam "Namibia"]
[BlackTeam "IBCA"]
[WhiteTeamCountry "NAM"]

1. e4 c5 2. Nf3 d6 3. d4 cxd4 4. Nxd4 Nf6 5. Nc3 a6 6. g3 Bg4 7. f3 Bd7 8. Bg2
g6 9. Nde2 Nc6 10. Be3 b5 11. a3 Ne5 12. b3 Bg7 13. Rc1 Qa5 14. Ra1 Rc8 15. Bd2
Qb6 16. Qc1 O-O 17. Be3 Qc7 18. O-O a5 19. Ra2 Rfd8 20. Rd1 Rb8 21. Qd2 Rdc8
22. Nd5 Nxd5 23. Qxd5 a4 24. Qd2 Nc6 25. Nd4 Na5 26. Qb4 axb3 27. cxb3 Qc3 28.
Re1 Bxd4 29. Bxd4 Qxb3 30. Qxb3 Nxb3 31. Be3 Ra8 32. f4 Ra4 33. Bf3 Be6 34. Bd1
Rxe4 35. Rb2 Rc3 36. Bxb3 Rxb3 37. Rxb3 Bxb3 38. Kf2 Ra4 39. Bc1 Kf8 40. Bb2
Rc4 41. Re3 Rc2+ 42. Re2 f6 43. Rxc2 Bxc2 44. Ke3 e5 45. Bc3 Ke7 46. Kd2 Bb3
47. Ke3 Ke6 48. g4 d5 49. fxe5 fxe5 50. Bb4 d4+ 51. Kd3 Kd5 52. Bf8 e4+ 53. Ke2
e3 54. Kf3 Bd1+ 55. Kf4 Kc4 56. h3 h5 57. g5 Kd3 58. Bb4 Ke2 59. Ke4 d3 60. Bc5
d2 0-1